1095 1821 1036 1527 1809 1609 1513 1205 1230 1329 1436 1710 1864 1339 1534 1828 1206 1128 1090 1151 1264 1221 1650 1824 1082 1434 1714 1732 1891 1523 1201 1053 1000 1651 1839 1990 1563 1879 1637 1093 1855 1238 1671 1145 1041 1986 1019 1650 1222 1110 1102 1162 1310 1879 1744 1667 1499 1167 1875 1731 1981 1158 1756 1020 1109 1038 1231 1878 1243 1488 1728 1585 1058 1395 1063 1850 1842 1044 1817 1577 1196 1137 1817 1969 1771 1046 1611 1725 1382 1603 1246 1490 1460 1686 1600 1201 1879 1223 1354 BCNSPRNW ULIB Ver.6.0+V

เปลี่ยนเป็นภาษาไทย

Change to English
 แสดงรายละเอียดบรรณานุกรม
  กลับหน้าหลัก

Brief Record : Get Marc (ISO 2709) : E-mail record : QR code < ปิดหน้าต่าง
LEADER : 00000nam 2200000uu 4500
001    13399112986
003     ULIB
008    110921s2552||||th 000 0 tha d
020    ^a9741149766
024    ^a9789741149766
060  4 ^aWV100^bจ633G
245 01 ^aGuideline Management for common eye ear nose and thoat diseases^cบรรณาธิการ,จตุรงค์ จงสถิตไพบูลย์ และเพ็นนี สิงหะ
260    ^aสงขลา:^bชานเมืองการพิมพ์, ^c2552
300    ^a240 หน้า:^bภาพประกอบ
650  7 ^aโรคทางตา หู คอ จมูก
650  7 ^aOtorhinolaryngologic
700 0  ^aจตุรงค์ จงสถิตไพบูลย์,^eบรรณาธิการ
700 0  ^aเพ็นนี สิงหะ,^eบรรณาธิการ
945    ^p340^l0^i18153
995    ^aกัณชพร
999    ^aใช้งานได้ทุกระบบ
รายการนี้ยังไม่มีแท็ก
คุณยังไม่ได้ล็อกอิน คุณสามารถมีกิจกรรมร่วมกับเว็บไซต์ได้ แต่ต้องล็อกอินก่อน ::
  ล็อกอิน

รายการสื่อสารสนเทศ

ลำดับที่ ประเภท เลขเรียก/บาร์โค้ด สถานที่ สถานะ
- ไม่พบข้อมูล -

รายการใกล้เคียง
    หัวเรื่อง [โรคทางตา หู คอ จมูก]
    หัวเรื่อง [Otorhinolaryngologic]

BibComment


ยังไม่เคยถูกคอมเมนท์

คอมเมนท์ทรัพยากรรายการนี้
  คอมเมนท์: Guideline Manage..


 Copyright 2026. Bcnsprnw @Library